Baden-Würtemberg

Saved in:
Bibliographic Details
Main Author: Hilbert, Patrick (Author)
Format: Chapter/Article
Language:German
Published: 2020
In: Landeswahlrecht
Year: 2020, Pages: 93-117
Subjects:
Online Access: Get full text
Author Notes:Patrick Hilbert

MARC

LEADER 00000caa a2200000 c 4500
001 1750120720
003 DE-627
005 20240508134044.0
007 tu
008 210302s2020 xx ||||| 00| ||ger c
035 |a (DE-627)1750120720 
035 |a (DE-599)KXP1750120720 
035 |a (OCoLC)1341396675 
040 |a DE-627  |b ger  |c DE-627  |e rda 
041 |a ger 
084 |a 19  |2 sdnb 
084 |a 453  |2 bwlb 
100 1 |a Hilbert, Patrick  |d 1985-  |e VerfasserIn  |0 (DE-588)1032974893  |0 (DE-627)739829637  |0 (DE-576)312809476  |4 aut 
245 1 0 |a Baden-Würtemberg  |c Patrick Hilbert 
264 1 |c 2020 
300 |a 25 
336 |a Text  |b txt  |2 rdacontent 
337 |a ohne Hilfsmittel zu benutzen  |b n  |2 rdamedia 
338 |a Band  |b nc  |2 rdacarrier 
650 0 7 |0 (DE-588)4034386-8  |0 (DE-627)106253018  |0 (DE-576)209006625  |a Landtagswahl  |2 gnd  |7 (dpeaa)DE-631 
650 7 |a Landtagswahlgesetz  |0 (DE-631)11426  |2 DE-631  |7 (dpeaa)DE-631 
650 0 7 |0 (DE-588)4064302-5  |0 (DE-627)106124366  |0 (DE-576)209152648  |a Wahlrecht  |2 gnd  |7 (dpeaa)DE-631 
651 7 |0 (DE-588)4004176-1  |0 (DE-627)106387154  |0 (DE-576)208854444  |a Baden-Württemberg  |2 gnd  |7 (dpeaa)DE-631 
773 0 8 |i Enthalten in  |a Kaiser, Roman, 1990 -   |t Landeswahlrecht  |b 1. Auflage  |d Baden-Baden : Nomos, 2020  |g (2020), Seite 93-117  |h 503 Seiten  |w (DE-627)1726395391  |z 9783848764556  |z 3848764555  |7 nnam 
773 1 8 |g year:2020  |g pages:93-117  |g extent:25  |a Baden-Würtemberg 
776 0 8 |i Erscheint auch als  |n Online-Ausgabe  |a Hilbert, Patrick, 1985 -   |t Baden-Württemberg  |d 2020  |w (DE-627)1750123002 
935 |a BWLB 
951 |a AR 
992 |a 20210302 
993 |a BookComponentPart 
998 |g 1032974893  |a Hilbert, Patrick  |m 1032974893:Hilbert, Patrick  |d 20000  |d 20700  |e 20000PH1032974893  |e 20700PH1032974893  |k 0/20000/  |k 1/20000/20700/  |p 1  |x j  |y j 
999 |a KXP-PPN1750120720  |e 3879917809 
BIB |a Y 
JSO |a {"id":{"eki":["1750120720"]},"language":["ger"],"relHost":[{"origin":[{"dateIssuedKey":"2020","edition":"1. Auflage","publisherPlace":"Baden-Baden","dateIssuedDisp":"2020","publisher":"Nomos","editionNo":"1"}],"name":{"displayForm":["Roman Kaiser, Fabian Michl (Hrsg.) ; Autorinnen und Autoren: Prof. Dr. Tristan Barczak, Dr. Roman Kaiser, Dr. Fabian Michl [und 13 weitere]"]},"recId":"1726395391","title":[{"title_sort":"Landeswahlrecht","subtitle":"Wahlrecht und Wahlsystem der deutschen Länder","title":"Landeswahlrecht"}],"person":[{"family":"Kaiser","role":"aut","display":"Kaiser, Roman","given":"Roman"},{"display":"Michl, Fabian","given":"Fabian","role":"edt","family":"Michl"},{"family":"Barczak","role":"aut","display":"Barczak, Tristan","given":"Tristan"}],"physDesc":[{"extent":"503 Seiten"}],"disp":"Kaiser, Roman, 1990 - Landeswahlrecht","type":{"bibl":"book"},"part":{"text":"(2020), Seite 93-117","pages":"93-117","year":"2020","extent":"25"},"language":["ger"],"id":{"isbn":["9783848764556","3848764555"],"eki":["1726395391"]}}],"person":[{"role":"aut","given":"Patrick","display":"Hilbert, Patrick","family":"Hilbert"}],"recId":"1750120720","name":{"displayForm":["Patrick Hilbert"]},"origin":[{"dateIssuedDisp":"2020","dateIssuedKey":"2020"}],"title":[{"title":"Baden-Würtemberg","title_sort":"Baden-Würtemberg"}],"type":{"bibl":"chapter"},"physDesc":[{"extent":"25 S."}]} 
SRT |a HILBERTPATBADENWUERT2020